|
|
|
|
| LEADER |
00000nam0a2200000 4500 |
| 001 |
335195 |
| 005 |
20231102004729.0 |
| 010 |
|
|
|a 5030013016
|
| 020 |
|
|
|a RU
|b 93-18006
|
| 035 |
|
|
|a (RuTPU)RU\TPU\book\361557
|
| 090 |
|
|
|a 335195
|
| 100 |
|
|
|a 20170918d1993 km y0rusy5003 ca
|
| 101 |
1 |
|
|a rus
|c eng
|
| 102 |
|
|
|a RU
|
| 105 |
|
|
|a y z 001zy
|
| 200 |
1 |
|
|a Использование языка Модула-2. Вводный курс
|e пер. с англ.
|f Д. Райли
|
| 210 |
|
|
|a Москва
|c Мир
|d 1993
|
| 215 |
|
|
|a 606 с.
|
| 320 |
|
|
|a Предм. указ.: с. 598-601
|
| 320 |
|
|
|a Глоссарий: с. 584-597
|
| 606 |
|
|
|a Программирование
|2 stltpush
|3 (RuTPU)RU\TPU\subj\51780
|9 70345
|
| 610 |
1 |
|
|a процесс
|
| 610 |
1 |
|
|a данные
|
| 610 |
1 |
|
|a программы
|
| 610 |
1 |
|
|a последовательность
|
| 610 |
1 |
|
|a абстракция
|
| 610 |
1 |
|
|a выбор
|
| 610 |
1 |
|
|a повторение
|
| 610 |
1 |
|
|a логика
|
| 610 |
1 |
|
|a ввод
|
| 610 |
1 |
|
|a вывод
|
| 610 |
1 |
|
|a текстовые файлы
|
| 610 |
1 |
|
|a управляющие структуры
|
| 610 |
1 |
|
|a одномерный массив
|
| 610 |
1 |
|
|a многомерные массивы
|
| 610 |
1 |
|
|a запись
|
| 610 |
1 |
|
|a дополнительные средства
|
| 610 |
1 |
|
|a Модула
|
| 675 |
|
|
|a 681.3.06
|v 3
|
| 700 |
|
1 |
|a Райли
|b Д. Д.
|g Дэвид Д.
|
| 801 |
|
0 |
|a RU
|b RuMRKP
|c 19950413
|g psbo
|
| 801 |
|
1 |
|a RU
|b 63413507
|c 20170918
|
| 801 |
|
2 |
|a RU
|b 63413507
|c 20170921
|g RCR
|
| 942 |
|
|
|c BK
|